000 00371nam a2200145 4500
001 120368
003 ES-MaACL
005 20230906191532.0
007 t|
008 070214s1978 sp r ||||1| spa d
245 0 0 _aPoetas del `Reina Amalia` 78.
260 _aPalma :
_bOctavio Aguilera,
_c1978.
300 _a12 h. ;
_c17 cm.
852 _aES-MaACL
_j2115-F-1
_bR.100680
999 _c120368
_d120368